container garden idea book (Record no. 9439)

000 -LEADER
fixed length control field 00268nam a2200121 4500
003 - CONTROL NUMBER IDENTIFIER
control field OSt
005 - DATE AND TIME OF LATEST TRANSACTION
control field 20210420162218.0
008 - FIXED-LENGTH DATA ELEMENTS--GENERAL INFORMATION
fixed length control field 210420b ||||| |||| 00| 0 eng d
020 ## - INTERNATIONAL STANDARD BOOK NUMBER
International Standard Book Number 9781600853951
082 ## - DEWEY DECIMAL CLASSIFICATION NUMBER
Classification number 635.986
245 ## - TITLE STATEMENT
Title container garden idea book
942 ## - ADDED ENTRY ELEMENTS (KOHA)
Source of classification or shelving scheme
Holdings
Withdrawn status Lost status Source of classification or shelving scheme Damaged status Koha normalized classification for sorting Not for loan Permanent location Current location Date acquired Full call number Barcode Date last seen Price effective from Koha item type
        635_986000000000000   BMS College of Architecture, Design and Planning BMS College of Architecture, Design and Planning 2021-04-20 635.986 AR-UG2253 2021-04-20 2021-04-20 UG Books
Copyright © 2025, The Librarian, Library and Information Centre, BMSCA D&P, Bengaluru. All Rights Reserved
web counter

Powered by Koha